[Event "GER-chT U16"]
[Site "Berlin"]
[Date "2005.12.27"]
[Round "2.4"]
[White "Senf, Carsten"]
[Black "Bor, Tobias"]
[Result "1-0"]
[WhiteElo "1531"]
[BlackElo "1582"]
[PlyCount "129"]
[EventDate "2005.12.27"]
[EventType "team-swiss"]
[EventRounds "7"]
[EventCountry "GER"]
[SourceTitle "EXT 2022"]
[Source "ChessBase"]
[SourceDate "2021.10.06"]
[SourceVersion "1"]
[SourceVersionDate "2021.10.06"]
[SourceQuality "1"]
[WhiteTeam "Apolda TSG U16"]
[BlackTeam "Nordhorn Blanke U16"]
[WhiteTeamCountry "GER"]
[BlackTeamCountry "GER"]

1. e4 e6 2. d4 d5 3. Nc3 Nf6 4. Bg5 dxe4 5. Nxe4 Be7 6. Ng3 Nbd7 7. Nf3 b6 8. Bd3 Bb7 9. c3 h6 10. Bd2 c5 11. 0-0 0-0 12. Re1 Rc8 13. Qe2 Bd6 14. Ba6 Bxa6 15. Qxa6 Qc7 16. Rac1 Nb8 17. Qd3 Rfd8 18. Qe2 Nc6 19. Ne4 Nxe4 20. Qxe4 Be7 21. Be3 cxd4 22. Nxd4 Bf6 23. Nxc6 Qxc6 24. Qxc6 Rxc6 25. Bf4 Rc5 26. Rcd1 Rcd5 27. Rxd5 Rxd5 28. Kf1 Kf8 29. Ke2 Rb5 30. Bd6+ Ke8 31. Ba3 Be7 32. b4 a5 33. Rb1 Re5+ 34. Kf3 Rf5+ 35. Ke3 Bg5+ 36. Ke2 Bf6 37. Rc1 Re5+ 38. Kf3 Rd5 39. Ke2 Bg5 40. Rc2 Kd7 41. bxa5 bxa5 42. Bc1 Kc6 43. Bxg5 Rxg5 44. g3 Rd5 45. Rd2 Rxd2+ 46. Kxd2 Kc5 47. Kd3 f6 48. f3 g6 49. a3 a4 50. c4 f5 51. f4 h5 52. h4 Kc6 53. Kd4 Kd6 54. c5+ Kc6 55. Kc4 Kc7 56. Kb5 Kb7 57. Kxa4 Kc6 58. Kb4 Kd5 59. a4 e5 60. fxe5 g5 61. hxg5 Kxe5 62. g6 Kf6 63. c6 f4 64. gxf4 h4 65. c7 1-0

[Event "GER-chT Lands U20"]
[Site "Bad Sulza"]
[Date "2004.11.17"]
[Round "4.4"]
[White "Hoffmann, Lena"]
[Black "Senf, Carsten"]
[Result "1-0"]
[WhiteElo "1664"]
[BlackElo "1380"]
[PlyCount "120"]
[EventDate "2004.11.15"]
[EventType "team-swiss"]
[EventRounds "7"]
[EventCountry "GER"]
[SourceTitle "EXT 2006"]
[Source "ChessBase"]
[SourceDate "2005.11.24"]
[SourceVersion "1"]
[SourceVersionDate "2005.11.24"]
[SourceQuality "1"]

1. e4 e6 2. d4 d5 3. e5 c5 4. c3 Nc6 5. Nf3 Qb6 6. a3 a5 7. Be2 Nh6 8. Ra2 cxd4 9. Bxh6 gxh6 10. cxd4 Bd7 11. 0-0 Bg7 12. Nc3 0-0 13. Qd2 Kh8 14. Raa1 Qd8 15. Bb5 f6 16. Bxc6 Bxc6 17. a4 Rg8 18. Ne2 fxe5 19. dxe5 Qe8 20. b3 Qg6 21. Nf4 Qf5 22. Rfe1 Raf8 23. Nd3 Qg6 24. Nh4 Qg4 25. g3 b6 26. Ng2 h5 27. Qe2 Qf3 28. Qxf3 Rxf3 29. Ngf4 Bh6 30. Kf1 Bd7 31. Ke2 Bxf4 32. Kxf3 Bd2 33. Re2 Rf8+ 34. Kg2 Bc3 35. Rc1 d4 36. f4 Bc6+ 37. Kf2 Kg7 38. Ne1 Bd5 39. Rb1 Kg6 40. Nd3 Kf5 41. h3 Rg8 42. Ne1 Be4 43. Rd1 Bd5 44. Nc2 Bxb3 45. Nxd4+ Bxd4+ 46. Rxd4 Bd5 47. Rc2 Rb8 48. Rc7 h6 49. Rf7+ Kg6 50. Rf6+ Kg7 51. f5 Bb3 52. fxe6 b5 53. Rd7+ Kg8 54. e7 Re8 55. Rd8 Bf7 56. Rxe8+ Bxe8 57. Rf8+ Kg7 58. Rxe8 Kf7 59. Ra8 Kxe7 60. axb5 Kd7 1-0